| 000 -LEADER |
| fixed length control field |
00423cam a22001217a 4500 |
| 008 - FIXED-LENGTH DATA ELEMENTS--GENERAL INFORMATION |
| fixed length control field |
180718b1959 xxu||||| |||| 00| 0 eng d |
| 082 ## - DEWEY DECIMAL CLASSIFICATION NUMBER |
| Classification number |
T19068 M896 |
| 100 ## - MAIN ENTRY--PERSONAL NAME |
| Personal name |
Mukherjee, P.K. |
| 245 ## - TITLE STATEMENT |
| Title |
Economic surveys in under-developed countries: a study in methodology |
| Statement of responsibility, etc. |
by P.K. Mukherjee |
| 260 ## - PUBLICATION, DISTRIBUTION, ETC. |
| Place of publication, distribution, etc. |
Bombay |
| Name of publisher, distributor, etc. |
Asia |
| Date of publication, distribution, etc. |
1959 |
| 650 ## - SUBJECT ADDED ENTRY--TOPICAL TERM |
| Topical term or geographic name entry element |
India - Economic Conditiosn - Survey Methods |
| 650 ## - SUBJECT ADDED ENTRY--TOPICAL TERM |
| Topical term or geographic name entry element |
Economic Conditions - Survey Methods |